Rudolph the Red-Nosed Reindeer Character Click Quiz Stats

Quiz Updated Dec 10, 2017

Score 0/21 Timer 04:00
4 Plays Today
% Correct
Abominable Snow Monster
Reformed Bumble
95.3%
Santa
94.9%
Mrs. Claus
94.4%
Charlie-in-the-Box
94.4%
Spotted
Elephant
94.1%
Cowboy who
rides an ostrich
93.8%
Sinking Boat
93.8%
Choo Choo with
square wheels
93.6%
Jelly Pistol
93.4%
Sam the Snowman
92.5%
Dolly
for Sue
92.2%
% Correct
Head Elf
92%
Rudolph
91.7%
Donner
90.5%
King Moonracer
89.8%
Bird who swims
88.4%
Yukon Cornelius
87.7%
Scooter
for Jimmy
87.6%
Mrs. Donner
87.3%
Hermey
85.7%
Clarice
79.1%

You're not logged in!

Compare scores with friends on all Sporcle quizzes.
Join for Free
OR
Log In

You Might Also Like...

Show Comments

Extras

Top Quizzes Today


Score Distribution

Your Account Isn't Verified!

In order to create a playlist on Sporcle, you need to verify the email address you used during registration. Go to your Sporcle Settings to finish the process.

Report this User

Report this user for behavior that violates our Community Guidelines.

Details: